Personnages de My Little Pony par image - Très Facile - Statistiques

Statistiques générales
  • Ce quiz a été pris 145 fois
  • Le résultat moyen est 12 sur 15
Statistiques - réponses
Par images Réponse % Correct
Applejack
95%
Rainbow Dash
95%
Princess Twilight Sparkle
94%
Rarity
94%
Princess Luna
92%
Pinkie Pie
91%
Fluttershy
90%
Spike
88%
Princess Celestia
87%
Princess Cadance
76%
Apple Bloom
68%
Trixie Lulamoon
66%
Starlight Glimmer
62%
Scootaloo
61%
Sweetie Belle
55%
Aucun quiz correspondant
Distribution des résultats
% des personnes avec chaque résultat
Percentile par nombre de réponses
Votre historique - résultats
Vous n’avez pas pris ce quiz